Совершенствование организационной структуры управления и работы с кадрами в газовой промышленности: отраслевой сборник научных трудов

Bibliographische Detailangaben
Körperschaft: Всесоюзный научно-исследовательский институт экономики, организации производства и технико-экономической информации в газовой промышленности (ВНИИЭГАЗПРОМ)
Zusammenfassung:Исключено из фонда НТБ ТПУ
Sprache:Russisch
Veröffentlicht: Москва, ВНИИЭгазпром, 1989
Format: MixedMaterials Buch
KOHA link:https://koha.lib.tpu.ru/cgi-bin/koha/opac-detail.pl?biblionumber=197024

MARC

LEADER 00000nam0a2200000 4500
001 197024
005 20231031183320.0
035 |a (RuTPU)RU\TPU\book\214922 
090 |a 197024 
100 |a 20110602d1989 km y0rusy50 ca 
101 0 |a rus 
102 |a RU 
105 |a a z 000zy 
200 1 |a Совершенствование организационной структуры управления и работы с кадрами в газовой промышленности  |e отраслевой сборник научных трудов  |f Всесоюзный научно-исследовательский институт экономики, организации производства и технико-экономической информации в газовой промышленности (ВНИИЭГАЗПРОМ) 
210 |a Москва  |c ВНИИЭгазпром  |d 1989  
215 |a 108 с.  |c ил. 
333 |a Исключено из фонда НТБ ТПУ 
712 0 2 |a Всесоюзный научно-исследовательский институт экономики, организации производства и технико-экономической информации в газовой промышленности (ВНИИЭГАЗПРОМ) 
801 1 |a RU  |b 63413507  |c 20110602 
801 2 |a RU  |b 63413507  |c 20220407  |g RCR 
942 |c BK